000 00262nam a2200097Ia 4500
001 1063455
005 20250827001657.0
008 250824s9999 xx 000 0 und d
245 0 _aTUĞRUL VE ÇAĞRI BEYLER
_cAHMET HALDUN TERZİOĞLU
260 _bPANAMA YAYINLARI
999 _c1063455
_d1063455